| 000 | 00940nam a22002537a 4500 | ||
|---|---|---|---|
| 005 | 20170124103015.0 | ||
| 010 | _aA-704813 | ||
| 020 | _c90.00 | ||
| 035 | _aA-704813 | ||
| 037 | _bCen Lib/Ret | ||
| 040 |
_aDPL _bHN |
||
| 082 |
_aउ _bबिजधा |
||
| 100 |
_aबिजधावने, राधेलाल _940 |
||
| 245 |
_aमहानिद्रा / _cराधेलाल बिजधावने |
||
| 246 |
_aMahanidra / _bby Radhey Lal Bijdhavney |
||
| 260 |
_aदिल्ली _bनवप्रभात साहित्य _c1995 |
||
| 270 |
_bदिल्ली _aC-8/174, यमुना विहार _e110053 |
||
| 300 |
_a155पृ. _c21सेमी (सजिल्द) |
||
| 650 |
_aहिन्दी साहित्य _958744 |
||
| 650 |
_aउपन्यास _958745 |
||
| 650 |
_aHindi literature _958746 |
||
| 650 |
_aFiction _98901 |
||
| 942 |
_2ddc _cHN _hउ _mबिजधा |
||
| 999 |
_c114868 _d114868 |
||